| 000 | 00472nam a22001697a 4500 | ||
|---|---|---|---|
| 999 |
_c8781 _d8781 |
||
| 003 | OSt | ||
| 008 | 200710b ||||| |||| 00| 0 eng d | ||
| 020 | _a 9788185790381 | ||
| 082 | _a610.28 PAI | ||
| 100 | _aParadkar, Anant | ||
| 245 | _aIntroducation to Pharmaceutical Engineering | ||
| 250 | _a2019 | ||
| 260 |
_aNew Delhi _bNirali |
||
| 300 | _a340 | ||
| 650 | _aPharmaceutics- Drug Delivery Systems,Pharmaceutical Engineering regulraty Science | ||
| 942 |
_2ddc _cBK _02 |
||